000 00288dam a22001097a 4500
999 _c2964
_d2964
008 190510e1993 ag ||||| |||| 00| 0 spa d
100 _aKreutzer, Eduardo
245 _aCardiologia y cirugia cardiovascular infantil
250 _a1a ed.
260 _aBuenos Aires
_bDoyma
_c1993
500 _aBaja